000 00682nam a2200241 a 4500
001 73844
003 BD-RJUL
005 20211209082443.0
008 170613s1957 enka 001 0 eng d
035 _a(BD-RJUL)74062
040 _aFHM
_cFHM
_dUKM
_dBD-RJUL
_beng
041 _aeng
082 0 4 _a547
_223
_bTAO 1957
090 _aQD251
_b.T33 1953
100 1 _aTaylor, F. Sherwood
_q(Frank Sherwood),
_d1897-1956.
_9218659
245 1 0 _aOrganic Chemistry /
_c F. Sherwood Taylor
250 _a5th ed.
260 _aLondon :
_bHeinemann,
_c1957.
300 _axi, 612 p. :
_bill. ;
_c22 cm.
500 _aIncludes Index.
650 0 _aChemistry, Organic.
_9218660
942 _2ddc
_cBK
999 _c73844
_d73844